Normal view MARC view
  • Bhattacharya, K. And Others

Entry Personal Name

Number of records used in: 1

001 - CONTROL NUMBER

  • control field: 70385

003 - CONTROL NUMBER IDENTIFIER

  • control field: OSt

005 - DATE AND TIME OF LATEST TRANSACTION

  • control field: 20220806111840.0

008 - FIXED-LENGTH DATA ELEMENTS

  • fixed length control field: 220806|| aca||aabn | a|a d

040 ## - CATALOGING SOURCE

  • Original cataloging agency: OSt
  • Transcribing agency: OSt

100 ## - HEADING--PERSONAL NAME

  • Personal name: Bhattacharya, K. And Others

670 ## - SOURCE DATA FOUND

  • Source citation: Work cat.: (OSt)39424: Bhattacharya, K. And Others, Textbook Of Botany, Vol. - Ii, 2015